| 000 | 00630nam a2200217 a 4500 | ||
|---|---|---|---|
| 005 | 20140310183519.0 | ||
| 008 | 110818s19uu xx 00 eng d | ||
| 020 | _a9780071087940 | ||
| 050 |
_aTS 155 _b.St847 2010 |
||
| 100 | _aStevenson, William J. | ||
| 245 |
_aOperations management : _ban asian perspective. / _cWilliam J. Stevenson |
||
| 260 |
_aSingapore : _bMcGraw-Hill-Irwin, _c2010. |
||
| 300 |
_a859 p. : _bill. ; _c26 cm. |
||
| 500 | _aIncludes index. | ||
| 521 | _aBSBA | ||
| 650 | _aOperations management. | ||
| 650 | _aManagement. | ||
| 700 | _aChuong, Sum Chee | ||
| 942 |
_cBK _2lcc _kFOR |
||
| 999 |
_c24373 _d24373 |
||